Loading...
| Auditory Arts | 4 | 7.50 | 75% | 0% | 0% |
| Beliefs | 4 | 15.00 | 75% | 50% | 25% |
| Current Events | 2 | 10.00 | 100% | 0% | 0% |
| Geography | 2 | 15.00 | 100% | 50% | 0% |
| History - American | 3 | 16.67 | 100% | 0% | 67% |
| History - Ancient | 2 | 15.00 | 100% | 50% | 0% |
| History - European | 2 | 5.00 | 50% | 0% | 0% |
| History - Other | 1 | 0.00 | 0% | 0% | 0% |
| History - World | 3 | 10.00 | 100% | 0% | 0% |
| Literature - American | 2 | 20.00 | 100% | 50% | 50% |
| Literature - British | 2 | 20.00 | 100% | 100% | 0% |
| Literature - European | 2 | 20.00 | 100% | 100% | 0% |
| Literature - World | 3 | 10.00 | 100% | 0% | 0% |
| Other Academic | 1 | 20.00 | 100% | 100% | 0% |
| Philosophy | 4 | 12.50 | 100% | 25% | 0% |
| Science - Biology | 2 | 20.00 | 100% | 100% | 0% |
| Science - Other | 1 | 10.00 | 100% | 0% | 0% |
| Science - Physics | 2 | 10.00 | 50% | 50% | 0% |
| Social Science | 3 | 13.33 | 100% | 33% | 0% |
| Visual Arts | 6 | 15.00 | 100% | 50% | 0% |